| 000 | 00750nam a22002777a 4500 | ||
|---|---|---|---|
| 003 | BUBTL | ||
| 008 | 130422b xxu||||| |||| 00| 0 eng d | ||
| 020 | _a0-256-09222-2 | ||
| 024 | _cavailable | ||
| 037 | _cavailable | ||
| 082 |
_222 _a338.5443 SKB |
||
| 100 | _aSkinner, Steven J | ||
| 110 | _aIvancevich, John M | ||
| 245 | _aBusiness for the 21th Century | ||
| 260 |
_aUSA _bVon Hoffman Press _c2003 |
||
| 300 |
_a23.5 cm _b864 page _f05 _g23.5 cm |
||
| 600 | _aBusiness Forecastng | ||
| 610 | _aTwenty First Century Forecasts | ||
| 700 | _aSkinner, Steven J | ||
| 710 | _aIvancevich, John M | ||
| 856 |
_k0 _l0 _yDownload |
||
| 270 |
_aUSA _bUSA _dUSA |
||
| 365 |
_b200.00 _d200.00 |
||
| 942 |
_2ddc _cBK |
||
| 999 |
_c181 _d181 |
||